Solid waste management in resettlement colonies of Delhi : (Record no. 35049)

MARC details
000 -LEADER
fixed length control field 01235nam a2200289 a 4500
005 - DATE AND TIME OF LATEST TRANSACTION
control field 20100403145521.0
008 - FIXED-LENGTH DATA ELEMENTS--GENERAL INFORMATION
fixed length control field 051125s2006 ii bs 000 0 eng
010 ## - LCCN (DPL NO)
LC control number B-379456
020 ## - INTERNATIONAL STANDARD BOOK NUMBER
International Standard Book Number 8189640003
Terms of availability 595.00
020 ## - INTERNATIONAL STANDARD BOOK NUMBER
International Standard Book Number 9788189640002
Terms of availability 595.00
035 ## - SYSTEM CONTROL NUMBER
System control number B-379456
037 ## - SOURCE OF ACQUISITION
Source of stock number/acquisition UBH
040 ## - CATALOGING SOURCE
Original cataloging agency dpl
Language of cataloging English
082 ## - DEWEY DECIMAL CLASSIFICATION NUMBER
Classification number 363.728095416
100 ## - MAIN ENTRY--PERSONAL NAME
Personal name Satpal Singh
245 ## - TITLE STATEMENT
Title Solid waste management in resettlement colonies of Delhi :
Remainder of title a study of people's participation and urban policy /
Statement of responsibility, etc by Satpal Singh
260 ## - PUBLICATION, DISTRIBUTION, ETC. (IMPRINT)
Place of publication, distribution, etc New Delhi
Name of publisher, distributor, etc Bookwell
Date of publication, distribution, etc 2006
270 ## - ADDRESS
Address 24/4800, Ansari Road, Daryaganj
City New Delhi
Postal code 110002
300 ## - PHYSICAL DESCRIPTION
Extent xviii, 259 p.
Dimensions 23 cm(Hb)
500 ## - GENERAL NOTE
General note Includes statistical tables.
504 ## - BIBLIOGRAPHY, ETC. NOTE
Bibliography, etc Includes bibliographical references
650 ## - SUBJECT ADDED ENTRY--TOPICAL TERM
Topical term or geographic name as entry element Refuse and refuse disposal
Geographic subdivision India
-- Delhi.
650 ## - SUBJECT ADDED ENTRY--TOPICAL TERM
Topical term or geographic name as entry element Recycling (Waste etc.)
Geographic subdivision India
-- Delhi.
942 ## - ADDED ENTRY ELEMENTS (KOHA)
Source of classification or shelving scheme Dewey Decimal Classification
Item type English Books
Call number suffix SAT
Classification part 363.7282095416
Holdings
Withdrawn status Lost status Source of classification or shelving scheme Damaged status Not for loan Collection code Home library Current library Date acquired Source of acquisition Cost, normal purchase price Total Checkouts Full call number Barcode Date last seen Copy number Cost, replacement price Koha item type
    Dewey Decimal Classification     Non-fiction Central Library Central Library 03/04/2010 UBH/245/24.2.10/178/23.2.10/24.2.10 595.00 1 363.7282095416 SAT B-379456 13/02/2023 1 595.00 English Books

© Delhi Public Library
Hit Counter
free hit counter